000
00191 a2200097 4500
001
42965
100
_a
Brawn
245
_a
Shakespeare
260
_a
London
_b
Collin
_c
090
_c
26842
_d
26842
942
_a
NUST-CAE
_c
M
_c
18716
999
_c
278038
_d
278038